[Event "2.BLS 1617 TSV Schönaich - Caissa Schwa"]
[Site "?"]
[Date "2016.10.16"]
[Round "1.3"]
[White "Fries, Frederik"]
[Black "Volke, Karsten"]
[Result "1-0"]
[WhiteElo "2302"]
[BlackElo "2467"]
[PlyCount "49"]
[EventDate "2016.??.??"]

1. Nf3 Nf6 2. c4 e6 3. Nc3 d5 4. e3 c5 5. d4 a6 6. dxc5 Bxc5 7. cxd5 exd5 8.
Be2 O-O 9. O-O Nc6 10. b3 Re8 11. Bb2 Ba7 12. Rc1 Bf5 13. Na4 Qd6 14. Nd4 Bd7
15. Nxc6 Bxc6 16. Bd4 Bxa4 17. bxa4 Bxd4 18. Qxd4 Re4 19. Qb2 Qb4 20. Qxb4 Rxb4
21. Rb1 Rxa4 22. Rxb7 Rxa2 23. Bf3 g5 24. Rb6 Kg7 25. Rxf6 1-0

[Event "2.BLS 1617 TSV Schönaich - Caissa Schwa"]
[Site "?"]
[Date "2016.10.16"]
[Round "1.4"]
[White "Menezes, Christoph"]
[Black "Wild, Achim"]
[Result "0-1"]
[WhiteElo "2411"]
[BlackElo "2230"]
[PlyCount "60"]
[EventDate "2016.??.??"]

1. d4 d5 2. c4 c6 3. Nf3 Nf6 4. e3 Bg4 5. h3 Bh5 6. g4 Bg6 7. Nbd2 e6 8. Ne5
Nbd7 9. Nxg6 hxg6 10. Bg2 g5 11. O-O Be7 12. Re1 Nf8 13. e4 Ng6 14. cxd5 exd5
15. e5 Nd7 16. e6 fxe6 17. Rxe6 Ndf8 18. Re1 Nf4 19. Nf3 N8g6 20. Bxf4 Nxf4 21.
Nxg5 Qd6 22. Nf3 Qh6 23. h4 Nxg2 24. Kxg2 Qf4 25. Ng5 Rxh4 26. Rxe7+ Kxe7 27.
Qe2+ Kf6 28. Qe6+ Kxg5 29. Qe7+ Qf6 30. f4+ Kg6 0-1

[Event "2.BLS 1617 TSV Schönaich - Caissa Schwa"]
[Site "?"]
[Date "2016.10.16"]
[Round "1.5"]
[White "Weller, Manuel"]
[Black "Fischer, Sebastian"]
[Result "0-1"]
[WhiteElo "2181"]
[BlackElo "2223"]
[PlyCount "120"]
[EventDate "2016.??.??"]

1. e4 d5 2. exd5 Qxd5 3. Nc3 Qa5 4. d4 Nf6 5. Bc4 Bg4 6. f3 Bf5 7. Nge2 Nbd7 8.
Bd2 Qb6 9. Bb3 e6 10. Na4 Qa6 11. g4 Bg6 12. Nf4 Bd6 13. Qe2 Qxe2+ 14. Kxe2
O-O-O 15. Be3 Rde8 16. Kf2 c6 17. Nc3 Nb6 18. Rae1 Nbd5 19. Ncxd5 Nxd5 20. Bxd5
cxd5 21. Nxg6 hxg6 22. h3 Kd7 23. f4 Rc8 24. Re2 Rh4 25. Kg2 Rc6 26. Bf2 Rh8
27. Kf3 b5 28. a3 a5 29. h4 b4 30. axb4 axb4 31. Be3 Rhc8 32. Rhh2 Rc4 33. h5
g5 34. Rd2 f6 35. Rhe2 Be7 36. Bf2 gxf4 37. Kxf4 Bd6+ 38. Kf3 R4c6 39. Be3 b3
40. cxb3 Rb8 41. Rd3 Rcb6 42. g5 fxg5 43. Kg4 Be7 44. Bxg5 Rxb3 45. Rxb3 Rxb3
46. Bxe7 Kxe7 47. Rd2 Kd6 48. Kf4 Rh3 49. Rg2 Rxh5 50. Rxg7 Rh2 51. Rb7 Re2 52.
Kf3 Re4 53. Rb4 Kc6 54. b3 e5 55. Ra4 exd4 56. Ra6+ Kb5 57. Rd6 Kc5 58. Rd8 d3
59. Rc8+ Kd4 60. Rc1 d2 0-1

[Event "2.BLS 1617 TSV Schönaich - Caissa Schwa"]
[Site "?"]
[Date "2016.10.16"]
[Round "1.6"]
[White "Reck, Moritz"]
[Black "Tabatt, Hendrik"]
[Result "1/2-1/2"]
[WhiteElo "2095"]
[BlackElo "2358"]
[PlyCount "62"]
[EventDate "2016.??.??"]

1. e4 c5 2. Nc3 Nc6 3. g3 Nf6 4. Bg2 e6 5. d3 Be7 6. Nf3 d6 7. O-O a6 8. Re1
O-O 9. e5 dxe5 10. Nxe5 Nxe5 11. Rxe5 Qc7 12. Re1 Bd7 13. Bf4 Qb6 14. Be5 Bc6
15. Ne4 Nxe4 16. Bxe4 Rfd8 17. Qg4 g6 18. Bxg6 fxg6 19. Qxe6+ Kf8 20. Bf6 Bd6
21. Bg5 Kg7 22. Qf6+ Kg8 23. Qe6+ Kg7 24. Qf6+ Kg8 25. Re7 Bxe7 26. Qe6+ Kh8
27. Qe5+ Kg8 28. Qe6+ Kh8 29. Qe5+ Kg8 30. Qe6+ Kh8 31. Qe5+ Kg8 1/2-1/2

[Event "2.BLS 1617 TSV Schönaich - Caissa Schwa"]
[Site "?"]
[Date "2016.10.16"]
[Round "1.7"]
[White "Grewenig, Jan"]
[Black "Schnadt, Florian"]
[Result "1-0"]
[WhiteElo "2118"]
[BlackElo "2140"]
[PlyCount "39"]
[EventDate "2016.??.??"]

1. e4 c5 2. Nf3 e6 3. d4 cxd4 4. Nxd4 a6 5. Bd3 Qc7 6. O-O Nf6 7. c4 b6 8. Qe2
d6 9. Nc3 Be7 10. Bd2 Bb7 11. f4 Nbd7 12. Rae1 Rd8 13. Nd5 exd5 14. exd5 O-O
15. Nf5 Rfe8 16. Nxe7+ Kf8 17. Rf3 Nc5 18. Re3 Nxd3 19. Qxd3 g6 20. Qd4 1-0

[Event "2.BLS 1617 TSV Schönaich - Caissa Schwa"]
[Site "?"]
[Date "2016.10.16"]
[Round "1.8"]
[White "Kuebler, Marcus"]
[Black "Gress, Alexander"]
[Result "0-1"]
[WhiteElo "1993"]
[BlackElo "2177"]
[PlyCount "62"]
[EventDate "2016.??.??"]

1. c4 Nf6 2. g3 c5 3. Bg2 d5 4. cxd5 Nxd5 5. Nc3 Nc7 6. Nf3 Nc6 7. d3 e5 8. Nd2
Bd7 9. a4 Be7 10. Nc4 O-O 11. O-O f6 12. Bd2 Rb8 13. Nd5 Nxd5 14. Bxd5+ Kh8 15.
Ne3 f5 16. Nc4 Bf6 17. Bc3 f4 18. Bg2 Bg4 19. Re1 Qe8 20. Nd6 Qh5 21. Qb3 Be7
22. Nxb7 Rf6 23. f3 fxg3 24. hxg3 Bc8 25. f4 Bxb7 26. Qc4 Rg6 27. Kf2 exf4 28.
Rh1 fxg3+ 29. Ke1 Qg4 30. Be4 Nd4 31. Bxd4 Bxe4 0-1

[Event "2.BLS 1617 SC Emmendingen - SC Untergro"]
[Site "?"]
[Date "2016.10.16"]
[Round "1.1"]
[White "Brunner, Nicolas"]
[Black "Hera, Imre"]
[Result "1/2-1/2"]
[WhiteElo "2462"]
[BlackElo "2619"]
[PlyCount "47"]
[EventDate "2016.??.??"]

1. d4 Nf6 2. c4 b6 3. Nc3 Bb7 4. Qc2 d5 5. cxd5 Nxd5 6. e4 Nxc3 7. bxc3 g6 8.
h4 Bg7 9. h5 O-O 10. hxg6 hxg6 11. Qd3 Qd7 12. Qg3 Qc6 13. Ne2 Qxe4 14. Qh2 f5
15. Qh7+ Kf7 16. Bh6 Rg8 17. f3 Qc6 18. Nf4 Ba6 19. Bxa6 Nxa6 20. Kf2 Qf6 21.
Nd5 Qd6 22. Nf4 Qf6 23. Nd5 Qd6 24. Nf4 1/2-1/2

[Event "2.BLS 1617 SC Emmendingen - SC Untergro"]
[Site "?"]
[Date "2016.10.16"]
[Round "1.2"]
[White "Miezis, Normunds"]
[Black "Maier, Christian"]
[Result "1/2-1/2"]
[WhiteElo "2505"]
[BlackElo "2388"]
[PlyCount "118"]
[EventDate "2016.??.??"]

1. c4 Nf6 2. Nc3 e6 3. e4 d5 4. exd5 exd5 5. d4 Bb4 6. Bd3 O-O 7. Nge2 dxc4 8.
Bxc4 Be6 9. Bd3 Nd5 10. O-O Nc6 11. Ne4 Be7 12. a3 f5 13. N4c3 Kh8 14. Re1 Bd6
15. Nxd5 Bxd5 16. Nf4 Bxf4 17. Bxf4 Nxd4 18. Rc1 Ne6 19. Bg3 Qg5 20. h4 Qg6 21.
Re5 Rad8 22. Qc2 Nd4 23. Qxc7 Bc6 24. Qe7 Rfe8 25. Qg5 Qxg5 26. Rxe8+ Rxe8 27.
hxg5 Ne2+ 28. Bxe2 Rxe2 29. Rc5 g6 30. Be5+ Kg8 31. Bc3 Kf7 32. f3 a6 33. Rc4
Re7 34. Kf2 Ke6 35. Rh4 Kd5 36. Rd4+ Ke6 37. Rh4 Kd5 38. Rd4+ Ke6 39. Rd8 Rd7
40. Re8+ Re7 41. Rh8 f4 42. Bf6 Rd7 43. Kg1 Rd1+ 44. Kh2 Rd2 45. Kh3 Bb5 46.
Rxh7 Bf1 47. Kg4 Bxg2 48. Rxb7 Rd3 49. Rb6+ Kd5 50. Rxa6 Rxf3 51. Ra4 Rf1 52.
Rd4+ Ke6 53. Rxf4 Rxf4+ 54. Kxf4 Kd5 55. b3 Be4 56. a4 Bc2 57. a5 Bxb3 58. a6
Kc6 59. a7 Kb7 1/2-1/2

[Event "2.BLS 1617 SC Emmendingen - SC Untergro"]
[Site "?"]
[Date "2016.10.16"]
[Round "1.3"]
[White "Heinz, Timothee"]
[Black "Sokolov, Andrei"]
[Result "1/2-1/2"]
[WhiteElo "2346"]
[BlackElo "2523"]
[PlyCount "37"]
[EventDate "2016.??.??"]

1. d4 Nf6 2. Nf3 e6 3. c4 b6 4. g3 Ba6 5. Nbd2 Bb4 6. Qa4 c5 7. a3 Bxd2+ 8.
Bxd2 O-O 9. dxc5 bxc5 10. Bg2 d5 11. b3 Ne4 12. O-O Qd7 13. Qa5 Qb7 14. Rfc1
Nc6 15. Qa4 Nxd2 16. Nxd2 Nd4 17. Bf1 dxc4 18. bxc4 Rad8 19. Rab1 1/2-1/2

[Event "2.BLS 1617 SC Emmendingen - SC Untergro"]
[Site "?"]
[Date "2016.10.16"]
[Round "1.4"]
[White "Korpa, Bence"]
[Black "Schneider, Bernd"]
[Result "1-0"]
[WhiteElo "2474"]
[BlackElo "2326"]
[PlyCount "59"]
[EventDate "2016.??.??"]

1. e4 c5 2. Nf3 e6 3. d4 cxd4 4. Nxd4 a6 5. Bd3 Qc7 6. O-O Nf6 7. Qe2 d6 8. c4
Nc6 9. Be3 Nb4 10. h3 Be7 11. Nc3 Nxd3 12. Qxd3 Bd7 13. Rac1 Rc8 14. b3 O-O 15.
f4 Qb8 16. Rfd1 Rfd8 17. a4 b6 18. Rc2 Qb7 19. e5 Ne8 20. Qe2 dxe5 21. fxe5 Nc7
22. Qf3 Qxf3 23. Nxf3 Na8 24. Ne4 Bc6 25. Nd6 Bxd6 26. Rxd6 Rxd6 27. exd6 f6
28. a5 bxa5 29. Nd4 Bd7 30. c5 1-0

[Event "2.BLS 1617 SC Emmendingen - SC Untergro"]
[Site "?"]
[Date "2016.10.16"]
[Round "1.5"]
[White "Cofman, Veaceslav"]
[Black "Lodici, Lorenzo"]
[Result "0-1"]
[WhiteElo "2169"]
[BlackElo "2346"]
[PlyCount "56"]
[EventDate "2016.??.??"]

1. d4 f5 2. c4 Nf6 3. Nc3 d6 4. g3 g6 5. Bg2 Bg7 6. h4 O-O 7. Nf3 e6 8. Qc2 Nc6
9. Bg5 h6 10. Bxf6 Qxf6 11. O-O-O e5 12. dxe5 dxe5 13. e4 Qf7 14. Nd2 Nd4 15.
Qd3 Rd8 16. Qf1 c6 17. exf5 gxf5 18. f4 e4 19. Qf2 h5 20. Rhe1 Be6 21. Bf1 b5
22. cxb5 cxb5 23. a3 Rab8 24. b4 Rbc8 25. Ndb1 Ba2 26. Re3 Nb3+ 27. Kc2 Rxd1
28. Kxd1 Bxb1 0-1

[Event "2.BLS 1617 SC Emmendingen - SC Untergro"]
[Site "?"]
[Date "2016.10.16"]
[Round "1.7"]
[White "Fuchs, Heinz"]
[Black "Rahnfeld, Jens"]
[Result "1-0"]
[WhiteElo "2241"]
[BlackElo "2275"]
[PlyCount "101"]
[EventDate "2016.??.??"]

1. c4 Nf6 2. Nc3 g6 3. e4 d6 4. d4 Bg7 5. Nf3 O-O 6. Be2 e5 7. O-O Nc6 8. d5
Ne7 9. Ne1 Nd7 10. Nd3 f5 11. f3 f4 12. Bd2 g5 13. Rc1 Ng6 14. c5 Nf6 15. Nb5
Rf7 16. Ba5 b6 17. cxd6 cxd6 18. Be1 a6 19. Nc3 h5 20. Nb4 g4 21. Nc6 Qf8 22.
Kh1 g3 23. Na4 Rb7 24. Qb3 b5 25. Nc3 gxh2 26. Na5 Rc7 27. a4 bxa4 28. Qb6 Qf7
29. Nc4 Bf8 30. Nxd6 Bxd6 31. Qxd6 Rb8 32. Nxa4 Rxc1 33. Qxb8 Kh7 34. Bc3 Rxf1+
35. Bxf1 Bd7 36. Qa7 h4 37. Nc5 Qg7 38. Nxd7 Nxd7 39. Kxh2 Ngf8 40. Qf2 Qg5 41.
Bxa6 Nf6 42. Bc8 N8d7 43. b4 h3 44. gxh3 Qh5 45. b5 Nb6 46. Bf5+ Kg7 47. Qg1+
Kf7 48. Qxb6 Qxf3 49. Qe6+ Kg7 50. Qe7+ Kg8 51. Be6+ 1-0

[Event "2.BLS 1617 SC Emmendingen - SC Untergro"]
[Site "?"]
[Date "2016.10.16"]
[Round "1.8"]
[White "Ehret, Thomas"]
[Black "Vatter, Hans-Joachim"]
[Result "1/2-1/2"]
[WhiteElo "2058"]
[BlackElo "2236"]
[PlyCount "70"]
[EventDate "2016.??.??"]

1. e4 c5 2. Nf3 Nc6 3. Bb5 Nf6 4. Bxc6 dxc6 5. d3 g6 6. Be3 c4 7. Nc3 cxd3 8.
cxd3 Bg7 9. d4 O-O 10. h3 Qa5 11. O-O h6 12. a3 Be6 13. b4 Qh5 14. Ne5 Qh4 15.
Nf3 Qh5 16. Ne5 Qxd1 17. Rfxd1 a5 18. f3 axb4 19. axb4 Nd7 20. Nxd7 Bxd7 21.
Na4 e5 22. dxe5 Bxe5 23. Rab1 Be6 24. Nc5 Ba2 25. Rbc1 Bb2 26. Rc2 Bg7 27. Rd7
b5 28. Rc7 Bc4 29. Rxc6 Ra1+ 30. Rc1 Rxc1+ 31. Bxc1 Rd8 32. Bf4 Rd1+ 33. Kh2
Rb1 34. Rc8+ Kh7 35. Nd7 g5 1/2-1/2

[Event "2.BLS 1617 SC Eppingen - SC Untergromba"]
[Site "?"]
[Date "2016.11.20"]
[Round "2.1"]
[White "Brunner, Nicolas"]
[Black "Acs, Peter"]
[Result "1/2-1/2"]
[WhiteElo "2469"]
[BlackElo "2579"]
[PlyCount "53"]
[EventDate "2016.??.??"]

1. d4 Nf6 2. c4 e6 3. Nf3 Bb4+ 4. Bd2 a5 5. g3 O-O 6. Bg2 d5 7. Qc2 c6 8. O-O
Nbd7 9. Bf4 Be7 10. Rd1 b6 11. Ne5 Bb7 12. cxd5 cxd5 13. Nc6 Qe8 14. Nxe7+ Qxe7
15. Nc3 Rfc8 16. Qd2 h6 17. f3 g5 18. Be3 Ne8 19. Bf2 Nd6 20. b3 b5 21. Rdc1 b4
22. Na4 Bc6 23. Nb2 Nb5 24. Na4 Nd6 25. Nb2 Nb5 26. Na4 Nd6 27. Nb2 1/2-1/2

[Event "2.BLS 1617 SC Eppingen - SC Untergromba"]
[Site "?"]
[Date "2016.11.20"]
[Round "2.2"]
[White "Breder, Dennis"]
[Black "Spirin, Oleg"]
[Result "1-0"]
[WhiteElo "2461"]
[BlackElo "2444"]
[PlyCount "77"]
[EventDate "2016.??.??"]

1. e4 c5 2. Nf3 d6 3. Bb5+ Nd7 4. d4 Ngf6 5. O-O a6 6. Bxd7+ Nxd7 7. Nc3 e6 8.
d5 e5 9. a4 Be7 10. Nd2 O-O 11. Nc4 Nb6 12. Ne3 Bg5 13. b3 Bxe3 14. Bxe3 Bd7
15. f4 f6 16. f5 Nc8 17. h4 Ne7 18. a5 b6 19. g4 bxa5 20. g5 a4 21. Nxa4 fxg5
22. hxg5 g6 23. f6 Nc8 24. Nb2 Nb6 25. Qd2 Rf7 26. Kh2 Rb8 27. Nd3 Bc8 28. Bxc5
dxc5 29. Nxe5 Nd7 30. Nxf7 Kxf7 31. Qf4 Qe8 32. Ra5 Rb4 33. Re1 h6 34. gxh6 Ne5
35. Rxc5 g5 36. Rc7+ Bd7 37. Qf5 Kf8 38. f7 Qxf7 39. h7 1-0

[Event "2.BLS 1617 SC Eppingen - SC Untergromba"]
[Site "?"]
[Date "2016.11.20"]
[Round "2.3"]
[White "Maier, Christian"]
[Black "Noe, Christopher"]
[Result "1/2-1/2"]
[WhiteElo "2388"]
[BlackElo "2422"]
[PlyCount "62"]
[EventDate "2016.??.??"]

1. e4 e5 2. Nf3 Nc6 3. Bb5 a6 4. Ba4 Nf6 5. O-O Nxe4 6. d4 b5 7. Bb3 d5 8. dxe5
Be6 9. c3 Bc5 10. Qe2 O-O 11. Be3 Qe7 12. Nbd2 Bxe3 13. Qxe3 Nxd2 14. Qxd2 Rad8
15. Rae1 Bg4 16. Nd4 Nxd4 17. cxd4 c5 18. f4 Bf5 19. Bc2 Bxc2 20. Qxc2 cxd4 21.
Qd2 Rc8 22. Qxd4 Rc4 23. Qxd5 Rd8 24. Qf3 Rc2 25. Re2 Qc5+ 26. Qf2 Qxf2+ 27.
Rexf2 Rxf2 28. Rxf2 Rd1+ 29. Rf1 Rd2 30. Rf2 Rd1+ 31. Rf1 Rd2 1/2-1/2

[Event "2.BLS 1617 SC Eppingen - SC Untergromba"]
[Site "?"]
[Date "2016.11.20"]
[Round "2.4"]
[White "Yankelevich, Lev"]
[Black "Heinz, Timothee"]
[Result "1/2-1/2"]
[WhiteElo "2409"]
[BlackElo "2351"]
[PlyCount "111"]
[EventDate "2016.??.??"]

1. e4 e6 2. d4 d5 3. Nc3 Nf6 4. e5 Nfd7 5. f4 c5 6. Nf3 a6 7. Ne2 Nc6 8. c3 Be7
9. g3 O-O 10. Bh3 cxd4 11. cxd4 Qa5+ 12. Kf2 Qb6 13. Kg2 Rd8 14. g4 f6 15. Rf1
Nf8 16. exf6 Bxf6 17. Qb3 Qxb3 18. axb3 Bd7 19. Bd2 Na7 20. Bb4 Re8 21. Rfe1
Rac8 22. g5 Be7 23. Bxe7 Rxe7 24. Rac1 Be8 25. Rxc8 Nxc8 26. Nc3 Bh5 27. Nh4
Kf7 28. Kg3 Bg6 29. Rf1 Nb6 30. f5 exf5 31. Nxf5 Bxf5 32. Rxf5+ Ke8 33. Bg2
Re3+ 34. Rf3 Re6 35. Rf5 g6 36. Rf6 Rxf6 37. gxf6 Kf7 38. Nxd5 Nxd5 39. Bxd5+
Kxf6 40. Bxb7 a5 41. Kf4 h6 42. Bc8 g5+ 43. Ke4 Ng6 44. d5 Ke7 45. Bf5 Nh4 46.
Bg4 Kd6 47. Bh5 Ng2 48. Bf3 Nh4 49. Bh5 Ng2 50. Bf7 Nh4 51. Be8 Ke7 52. Bh5 Kd6
53. Bg4 Ng2 54. Bf3 Nh4 55. Bd1 Ng2 56. Bf3 1/2-1/2

[Event "2.BLS 1617 SC Eppingen - SC Untergromba"]
[Site "?"]
[Date "2016.11.20"]
[Round "2.5"]
[White "Schneider, Bernd"]
[Black "Medvegy, Zoltan"]
[Result "0-1"]
[WhiteElo "2326"]
[BlackElo "2535"]
[PlyCount "166"]
[EventDate "2016.??.??"]

1. e4 e6 2. d4 d5 3. e5 c5 4. c3 Qb6 5. Nf3 Nc6 6. a3 c4 7. Qc2 Na5 8. Nbd2 Bd7
9. g3 Ne7 10. h4 Qc7 11. h5 h6 12. Bh3 Nc8 13. Rb1 Nb6 14. Nf1 Be7 15. Bf4
O-O-O 16. Ne3 Ba4 17. Qe2 Qc6 18. g4 Rdf8 19. Bg3 g6 20. Nd2 gxh5 21. gxh5 Rfg8
22. Kf1 Qe8 23. Rg1 Kb8 24. Rg2 Ka8 25. Kg1 Nc6 26. Kh2 Nd8 27. Rbg1 Qb5 28.
Ndf1 Qb3 29. Bf4 Rxg2+ 30. Rxg2 Qa2 31. f3 Qb1 32. Rg1 a6 33. Ng3 Qd3 34. Ng4
Qxe2+ 35. Nxe2 Bf8 36. Ne3 Ka7 37. Rg2 Be8 38. Ng3 Na4 39. Nd1 a5 40. Bd2 b5
41. f4 Nxb2 42. Nxb2 Bxa3 43. Be3 b4 44. f5 b3 45. Bc1 a4 46. Ne2 Bf8 47. Nf4
a3 48. Nd1 a2 49. Bb2 Ba3 50. Ba1 Bc1 51. Kg3 Rg8+ 52. Kf3 Rxg2 53. Bxg2 Kb6
54. Bh3 Kb5 55. Ne2 Bd2 56. Bb2 Ka4 57. Bg4 Bd7 58. fxe6 fxe6 59. Ne3 Be8 60.
Kf2 Bf7 61. Nf1 Bg5 62. Ne3 Bg8 63. Nc1 Bh7 64. Bd1 a1=Q 65. Bxa1 Ka3 66. Bf3
b2 67. Bxb2+ Kxb2 68. Ne2 Bd3 69. Nd1+ Kc2 70. Ng1 Bd2 71. Bg4 Bxc3 72. Nxc3
Kxc3 73. Ke3 Kb2 74. Kd2 Bf1 75. Ke1 Bg2 76. Ne2 c3 77. Kf2 Be4 78. Ke3 Bg2 79.
Kf2 Bh1 80. Ke3 Be4 81. Bh3 c2 82. Kd2 Bf3 83. Nc1 Bxh5 0-1

[Event "2.BLS 1617 SC Eppingen - SC Untergromba"]
[Site "?"]
[Date "2016.11.20"]
[Round "2.6"]
[White "Hacker, Jonas"]
[Black "Cofman, Veaceslav"]
[Result "1-0"]
[WhiteElo "2342"]
[BlackElo "2169"]
[PlyCount "119"]
[EventDate "2016.??.??"]

1. e4 e6 2. d4 d5 3. Nc3 Nf6 4. e5 Nfd7 5. f4 c5 6. Nf3 Nc6 7. Be3 a6 8. Qd2 b5
9. dxc5 Nxc5 10. Qf2 Nd7 11. O-O-O Be7 12. Kb1 g6 13. h4 h5 14. Ng5 Bxg5 15.
hxg5 Rf8 16. Bd3 Ne7 17. Ne2 Bb7 18. Nd4 Nc5 19. Nxb5 Nxd3 20. Nd6+ Qxd6 21.
exd6 Nxf2 22. dxe7 Nxh1 23. exf8=Q+ Kxf8 24. Bc5+ Ke8 25. Rxh1 Kd7 26. Bd4 Rc8
27. b3 Bc6 28. a4 Bb7 29. Rh2 Bc6 30. g3 Bb7 31. Kc1 Bc6 32. Kd2 Kd6 33. Ke3
Be8 34. Bb2 Bc6 35. Kd4 Bb7 36. Ba3+ Kd7 37. Bc5 Bc6 38. Ba3 Bb7 39. Bb2 Bc6
40. Ke5 Ke7 41. Ba3+ Ke8 42. g4 Bb7 43. gxh5 gxh5 44. Bb4 d4 45. Rxh5 Rxc2 46.
Rh8+ Kd7 47. Rh7 d3 48. g6 d2 49. Rxf7+ Kc6 50. Bxd2 Rxd2 51. g7 Rg2 52. Kxe6
Bc8+ 53. Kf6 Kd6 54. Rf8 Be6 55. Rd8+ Kc7 56. Kxe6 Kxd8 57. Kf7 Kd7 58. g8=Q
Rxg8 59. Kxg8 Ke6 60. b4 1-0

[Event "2.BLS 1617 SC Eppingen - SC Untergromba"]
[Site "?"]
[Date "2016.11.20"]
[Round "2.7"]
[White "Fuchs, Heinz"]
[Black "Mann, Christian"]
[Result "1/2-1/2"]
[WhiteElo "2241"]
[BlackElo "2418"]
[PlyCount "47"]
[EventDate "2016.??.??"]

1. c4 Nc6 2. Nc3 Nf6 3. Nf3 e5 4. g3 Bc5 5. Bg2 O-O 6. O-O d6 7. e3 a6 8. d4
Bb6 9. h3 Bf5 10. d5 Ne7 11. Nh4 Bd7 12. e4 h6 13. g4 Nh7 14. Nf5 Nxf5 15. exf5
Qh4 16. Ne4 g6 17. Qf3 gxf5 18. gxf5 Kh8 19. Be3 Bxe3 20. fxe3 Rg8 21. Kh2 Rg7
22. Qf2 Qh5 23. Ng3 Qh4 24. Ne4 1/2-1/2

[Event "2.BLS 1617 SC Eppingen - SC Untergromba"]
[Site "?"]
[Date "2016.11.20"]
[Round "2.8"]
[White "Gibicar, Danijel"]
[Black "Florea, Dan"]
[Result "1-0"]
[WhiteElo "2259"]
[BlackElo "2278"]
[PlyCount "43"]
[EventDate "2016.??.??"]

1. e4 e6 2. d4 d5 3. Nc3 Nf6 4. e5 Nfd7 5. f4 c5 6. Nce2 Nc6 7. c3 cxd4 8. cxd4
Nb6 9. Nf3 Bd7 10. Nc3 Bb4 11. Bd3 Rc8 12. O-O Na5 13. Kh1 Bxc3 14. bxc3 Rxc3
15. f5 exf5 16. Bg5 Qc8 17. Nh4 g6 18. Bf6 Rg8 19. Qd2 h5 20. Rac1 Rxc1 21.
Rxc1 Nac4 22. Qb4 1-0

[Event "2.BLS 1617 Caissa Schwarzb. - SC Emmend"]
[Site "?"]
[Date "2016.11.20"]
[Round "2.1"]
[White "Hera, Imre"]
[Black "Frischmann, Rick"]
[Result "1/2-1/2"]
[WhiteElo "2619"]
[BlackElo "2312"]
[PlyCount "134"]
[EventDate "2016.??.??"]

1. c4 g6 2. Nc3 c5 3. g3 Bg7 4. Bg2 Nc6 5. d3 e6 6. Nf3 Nge7 7. Bg5 h6 8. Bd2
d5 9. Rb1 b6 10. a3 a5 11. O-O O-O 12. Qc1 Kh7 13. Qc2 Bb7 14. Na4 Ra7 15. Qb3
Nc8 16. Nc3 N8e7 17. Na4 Nc8 18. Rfd1 Ba8 19. e3 Re8 20. Qc2 Rd7 21. cxd5 exd5
22. b4 axb4 23. axb4 Nxb4 24. Bxb4 cxb4 25. Rxb4 d4 26. e4 Bf8 27. Rbb1 Rc7 28.
Qb3 Kg8 29. Bh3 Qf6 30. Nd2 Bc5 31. Nc4 Bc6 32. Ncxb6 Nxb6 33. Nxc5 Bd7 34.
Nxd7 Nxd7 35. Rdc1 Rxc1+ 36. Rxc1 Nf8 37. Rc7 h5 38. Kg2 Kg7 39. Qd5 g5 40. Bf5
Ng6 41. Rc6 Ne7 42. Rxf6 Nxd5 43. Rd6 Ne7 44. g4 hxg4 45. Bxg4 Ng6 46. Rxd4 Ra8
47. Kg3 Ra3 48. Rd5 f6 49. f3 Nf4 50. Rd7+ Kf8 51. d4 Ra1 52. h4 Rg1+ 53. Kf2
Rg2+ 54. Kf1 gxh4 55. e5 h3 56. Bxh3 Rg5 57. Bg4 fxe5 58. d5 Ke8 59. d6 Nd5 60.
Rb7 Ne3+ 61. Ke2 Nxg4 62. fxg4 Rxg4 63. Re7+ Kd8 64. Rxe5 Rg6 65. Rd5 Kd7 66.
Ke3 Rxd6 67. Rxd6+ Kxd6 1/2-1/2

[Event "2.BLS 1617 Caissa Schwarzb. - SC Emmend"]
[Site "?"]
[Date "2016.11.20"]
[Round "2.2"]
[White "Oberhofer, Andre"]
[Black "Miezis, Normunds"]
[Result "0-1"]
[WhiteElo "2312"]
[BlackElo "2507"]
[PlyCount "94"]
[EventDate "2016.??.??"]

1. e4 c5 2. c3 d5 3. exd5 Qxd5 4. d4 Nf6 5. Nf3 Bg4 6. Be2 e6 7. O-O Nc6 8. h3
Bh5 9. Be3 cxd4 10. Nxd4 Bxe2 11. Qxe2 Be7 12. Nxc6 Qxc6 13. Nd2 O-O 14. Bd4
Nd5 15. Rfe1 Nf4 16. Qe4 Qxe4 17. Rxe4 Nd3 18. Rb1 Rfd8 19. g3 Nc5 20. Re2 Na4
21. b3 Rxd4 22. cxd4 Nc3 23. Rbe1 Nxe2+ 24. Rxe2 Rc8 25. Nf3 Bb4 26. Kg2 g6 27.
a3 Bf8 28. a4 a6 29. Re3 Rc2 30. Rd3 Rc8 31. Ne5 Rd8 32. Kf3 f6 33. Nc4 b5 34.
axb5 axb5 35. Nd2 e5 36. Ke4 Kf7 37. g4 Ke6 38. d5+ Rxd5 39. Rxd5 f5+ 40. Kd3
Kxd5 41. f3 Bh6 42. gxf5 gxf5 43. Nf1 Bf4 44. h4 e4+ 45. fxe4+ fxe4+ 46. Kc3 h5
47. b4 Ke5 0-1

[Event "2.BLS 1617 Caissa Schwarzb. - SC Emmend"]
[Site "?"]
[Date "2016.11.20"]
[Round "2.3"]
[White "Sokolov, Andrei"]
[Black "Fries, Frederik"]
[Result "1-0"]
[WhiteElo "2525"]
[BlackElo "2302"]
[PlyCount "47"]
[EventDate "2016.??.??"]

1. e4 c5 2. Nf3 e6 3. d4 cxd4 4. Nxd4 Nc6 5. Nc3 Qc7 6. Be3 a6 7. Be2 b5 8. f4
Bb7 9. Bf3 Rc8 10. O-O Bc5 11. Kh1 Qb6 12. Nce2 Nge7 13. c3 Qa7 14. a4 bxa4 15.
Rxa4 Nxd4 16. Bxd4 O-O 17. e5 Nf5 18. Bxc5 Qxc5 19. Bxb7 Ne3 20. Qc1 Rb8 21.
Rf3 Qb5 22. Rb4 Qxe2 23. Rxe3 Qf2 24. Qe1 1-0

[Event "2.BLS 1617 Caissa Schwarzb. - SC Emmend"]
[Site "?"]
[Date "2016.11.20"]
[Round "2.4"]
[White "Wild, Achim"]
[Black "Cvitan, Ognjen"]
[Result "0-1"]
[WhiteElo "2230"]
[BlackElo "2502"]
[PlyCount "68"]
[EventDate "2016.??.??"]

1. Nf3 Nf6 2. c4 e6 3. g3 d5 4. Bg2 Be7 5. O-O O-O 6. b3 c5 7. cxd5 exd5 8. d4
Nc6 9. Bb2 Re8 10. Nc3 Bg4 11. dxc5 Bxc5 12. Rc1 Bf8 13. h3 Bf5 14. Nd4 Bg6 15.
Nxc6 bxc6 16. Na4 Rc8 17. e3 Bd6 18. Qd4 Qe7 19. Rfd1 h6 20. Nc5 Red8 21. b4
Rb8 22. Bf1 Qf8 23. a3 a5 24. Na6 Rbc8 25. Qb6 Ne4 26. Qxa5 Bxg3 27. fxg3 Qd6
28. Qb6 Qxg3+ 29. Bg2 Qf2+ 30. Kh2 Qxb2 31. Qd4 Qf2 32. Rf1 Qg3+ 33. Kg1 Ng5
34. h4 Be4 0-1

[Event "2.BLS 1617 Caissa Schwarzb. - SC Emmend"]
[Site "?"]
[Date "2016.11.20"]
[Round "2.5"]
[White "Korpa, Bence"]
[Black "Weller, Manuel"]
[Result "1-0"]
[WhiteElo "2474"]
[BlackElo "2181"]
[PlyCount "79"]
[EventDate "2016.??.??"]

1. Nf3 d5 2. g3 Nf6 3. Bg2 c6 4. O-O Bf5 5. d3 h6 6. Nfd2 Bh7 7. e4 e6 8. Nc3
Be7 9. f4 d4 10. Ncb1 c5 11. a4 Nc6 12. Na3 O-O 13. g4 e5 14. g5 hxg5 15. fxg5
Ne8 16. h4 g6 17. Nac4 Ng7 18. Nf3 Qc7 19. Nh2 f6 20. Ng4 fxg5 21. hxg5 Rxf1+
22. Qxf1 Rf8 23. Qe1 Nh5 24. Qh4 Kg7 25. Qh2 Bd6 26. Bd2 Bg8 27. Nf6 Bxc4 28.
Nxh5+ gxh5 29. dxc4 Qf7 30. Rf1 Qxc4 31. Qxh5 Rxf1+ 32. Bxf1 Qe6 33. Bh3 Qg6
34. Qf3 Ne7 35. Bf5 Qf7 36. Qh3 Nxf5 37. exf5 Kg8 38. g6 Qg7 39. Bh6 Qf6 40.
Qb3+ 1-0

[Event "2.BLS 1617 Caissa Schwarzb. - SC Emmend"]
[Site "?"]
[Date "2016.11.20"]
[Round "2.6"]
[White "Tabatt, Hendrik"]
[Black "Lodici, Lorenzo"]
[Result "0-1"]
[WhiteElo "2358"]
[BlackElo "2312"]
[PlyCount "122"]
[EventDate "2016.??.??"]

1. Nf3 d5 2. e3 Nf6 3. b3 Bg4 4. Bb2 Nbd7 5. c4 c6 6. cxd5 cxd5 7. h3 Bh5 8.
Ba3 e5 9. Bxf8 Kxf8 10. Be2 Bxf3 11. Bxf3 g6 12. O-O Kg7 13. Nc3 e4 14. Be2 Ne5
15. Nb5 Nc6 16. d4 Rc8 17. Qd2 Ne8 18. Rac1 Nc7 19. Nxc7 Rxc7 20. Rc5 Qd6 21.
Rfc1 Rhc8 22. Qc2 b6 23. Rc3 Nxd4 24. Rxc7 Nxc2 25. Rxc8 Nb4 26. a3 Nd3 27.
Bxd3 exd3 28. b4 d4 29. Rd1 dxe3 30. fxe3 d2 31. Rc3 Qg3 32. Kf1 Qe5 33. Rd3
Qf5+ 34. Ke2 Qe4 35. Rg1 Qc4 36. Rd1 Qe4 37. Rf1 Qc4 38. g4 Qc1 39. Rd1 Qc7 40.
Rd4 Qh2+ 41. Kd3 Qxh3 42. Rxd2 Qf1+ 43. Kc2 Qa1 44. R2d3 Qa2+ 45. Kc1 Qe2 46.
Rc3 g5 47. Kb1 h5 48. gxh5 Qxh5 49. e4 Qe2 50. Rc2 Qe3 51. Rd5 g4 52. Kb2 Qxe4
53. Rg5+ Kh6 54. Rg8 Kh7 55. Rgc8 Qe5+ 56. Kb3 g3 57. R8c4 f5 58. Rc7+ Kh6 59.
R2c6+ Kg5 60. Rc8 Qd5+ 61. Rc4 g2 0-1